| 000 | 00575cam a22001934a 4500 | ||
|---|---|---|---|
| 005 | 20250605164251.0 | ||
| 008 | 250528s ||||||||||||||||||||||||d | ||
| 035 | _a21725 | ||
| 020 | _a9789601219844 | ||
| 040 |
_aGR-AtMCL _bgre _dGR-AtMCL _eAACR2 |
||
| 245 | 1 | _aΦΥΣΙΚΟΘΕΡΑΠΕΙΑ ΣΕ ΠΑΘΗΣΕΙΣ ΤΟΥ ΜΥΟΣΚΕΛΕΤΙΚΟΥ ΣΥΣΤΗΜΑΤΟΣ | |
| 250 | _a1 | ||
| 260 |
_bUniversity Studio Press, _c2011 |
||
| 300 | _a346 | ||
| 700 | 1 |
_aΚοτζαηλιας Διομηδης Α _97619 |
|
| 942 | _cBK | ||
| 999 |
_c6784 _d6784 |
||